[Event "AUTO-OPEN-1110"]
[Site "http://www.queenalice.com/game.php?id=394702"]
[Date "2008.4.28"]
[Round "1"]
[White "El_Montes"]
[Black "Lehlo"]
[Result "1-0"]
[WhiteElo "1607"]
[BlackElo "1371"]

1. e4 e6 2. Qf3 d5 3. d3 Bb4+ 4. Bd2 c5 5. c3 Ba5 6. exd5 Qxd5 7. Qxd5 exd5 8.
Na3 Nf6 9. Nb5 O-O 10. b4 Re8+ 11. Be2 Bb6 12. bxc5 Bd7 13. d4 Bxb5 14. cxb6 a6
15. a4 Bc4 16. O-O-O Bxe2 17. Nxe2 Rxe2 18. Rhf1 Ne4 19. Bf4 Nxc3 20. Rd3 Nxa4
21. Re3 Rb2 22. Re8# 1-0

[Event "AUTO-OPEN-1110"]
[Site "http://www.queenalice.com/game.php?id=394703"]
[Date "2008.4.28"]
[Round "1"]
[White "Lehlo"]
[Black "leduar"]
[Result "0-1"]
[WhiteElo "1100"]
[BlackElo "1978"]

1. e4 e5 2. Bc4 Nf6 3. d4 exd4 4. Nf3 Nxe4 5. Qe2 Qe7 6. Bg5 Nxg5 7. Nxg5 Qxe2+
8. Kxe2 b5 9. Nxf7 Ke7 10. Nxh8 bxc4 11. Re1 Kf6 12. h4 h5 13. f4 g6 14. g4 hxg4
15. h5 gxh5 16. f5 Ba6 17. Rh1 c3+ 18. Kd1 cxb2 19. Kd2 bxa1=Q 20. Nc3 Qxc3+ 21.
Kc1 Qa1+ 22. Kd2 Bh6# 0-1

[Event "AUTO-OPEN-1110"]
[Site "http://www.queenalice.com/game.php?id=394704"]
[Date "2008.4.28"]
[Round "1"]
[White "leduar"]
[Black "Lehlo"]
[Result "1-0"]
[WhiteElo "2016"]
[BlackElo "1100"]

1. e4 e6 2. d4 Bb4+ 3. Bd2 a5 4. Nf3 f6 5. e5 d5 6. a3 Be7 7. Bd3 Qd7 8. a4 fxe5
9. Nxe5 Qd6 10. Qf3 Nh6 11. Bxh6 Qb4+ 12. c3 Qxb2 13. Bxg7 Rf8 14. Bxf8 Bxf8 15.
Qf7+ Kd8 16. Qxf8# 1-0

[Event "AUTO-OPEN-1110"]
[Site "http://www.queenalice.com/game.php?id=394705"]
[Date "2008.4.28"]
[Round "1"]
[White "Lehlo"]
[Black "marvgiff"]
[Result "0-1"]
[WhiteElo "1391"]
[BlackElo "1341"]

1. e4 e5 2. d4 exd4 3. Qxd4 Nc6 4. Qc3 d6 5. Qa3 d5 6. Qa4 dxe4 7. g3 Nf6 8. Bg2
Bd7 9. Bf4 Nb4 10. Qb3 Be6 11. Qa4+ c6 12. Nc3 Nfd5 13. Rd1 Be7 14. Nxe4 b5 15.
Qa6 Nxa6 16. Rd3 Nac7 17. Ne2 O-O 18. Nd4 c5 19. Nc6 Na6 20. Nxd8 Raxd8 21. Ra3
Ndb4 22. O-O Nxa2 23. Rxa6 Bc4 24. Re1 b4 25. Rxa7 Bf6 26. b3 Bd5 27. Bc7 Ra8
28. Rb7 Bxb7 29. Nxf6+ gxf6 30. Bxb7 Ra7 31. Bb6 Rxb7 32. Bxc5 Rc8 33. Bd4 Rxc2
34. Bxf6 h5 35. Re5 Kh7 36. f4 Kg6 37. Bg5 Rc1+ 38. Kg2 Rc2+ 39. Kh3 Rb2 0-1

[Event "AUTO-OPEN-1110"]
[Site "http://www.queenalice.com/game.php?id=394706"]
[Date "2008.4.28"]
[Round "1"]
[White "marvgiff"]
[Black "Lehlo"]
[Result "1-0"]
[WhiteElo "1359"]
[BlackElo "1372"]

1. d4 g6 2. e4 f5 3. e5 e6 4. Nf3 Be7 5. Bd3 Nh6 6. Bxh6 g5 7. Bg7 Rg8 8. Bf6 g4
9. Nfd2 d6 10. Bxe7 Qxe7 11. exd6 Qf6 12. dxc7 Nc6 13. c3 Qh4 14. O-O h5 15. f3
g3 16. h3 Ne7 17. f4 Nd5 18. Qe2 Nxf4 19. Qf3 Nxh3+ 20. gxh3 Qxh3 21. Qg2 Qh2+
22. Qxh2 gxh2+ 23. Kxh2 h4 24. Nf3 Rg3 25. Nbd2 b6 26. Rae1 Kd7 27. Bb5+ Kxc7
28. Ne5 a6 29. Bc6 Bb7 30. Bxb7 Kxb7 31. Ndf3 Rg4 32. Nf7 h3 33. N3e5 Rg2+ 34.
Kxh3 Rag8 35. Rf3 R2g7 36. Nd6+ Kc7 37. Ndf7 1-0

[Event "GR-3"]
[Site "http://www.queenalice.com/game.php?id=395173"]
[Date "2008.4.29"]
[Round "-"]
[White "perucona"]
[Black "Lehlo"]
[Result "1-0"]
[WhiteElo "1160"]
[BlackElo "1420"]

1. e4 d5 2. exd5 Qxd5 3. d4 e5 4. dxe5 Qxe5+ 5. Qe2 Qxe2+ 6. Bxe2 Nf6 7. Bb5+ c6
8. Ba4 Bg4 9. f3 Bh5 10. Nh3 h6 11. O-O Bc5+ 12. Kh1 O-O 13. g4 Bg6 14. Nc3 Rd8
15. Bf4 Na6 16. Bb3 Nb4 17. Rf2 1-0

[Event "vamos jogar agora?"]
[Site "http://www.queenalice.com/game.php?id=396864"]
[Date "2008.5.2"]
[Round "-"]
[White "Lx"]
[Black "Lehlo"]
[Result "0-1"]
[WhiteElo "1366"]
[BlackElo "1272"]

1. e4 e6 2. f4 Qh4+ 3. g3 Qe7 4. e5 Qc5 5. d4 Qd5 6. Nf3 Bb4+ 7. Nc3 Qc6 8. a3
Ba5 9. b4 Bb6 10. b5 Qxc3+ 11. Bd2 Qb2 12. g4 Bxd4 13. c3 Bxc3 14. Bxc3 Qxc3+
15. Nd2 Ne7 16. g5 Nf5 17. Qc1 Qe3+ 18. Be2 Nd4 19. Qd1 b6 20. Rf1 Bb7 21. Nc4
Qh3 22. Qxd4 Qxh2 23. O-O-O Qxe2 24. a4 Be4 25. Rf2 Nc6 26. bxc6 Qg4 27. Qxe4 d5
28. exd6 Qg3 29. dxc7 Qxf2 30. Nd6+ Ke7 31. Qb4 Qc5+ 32. Nc4 Qxb4 33. Rd7+ Ke8
34. Ne5 Qc5+ 35. Kd2 Rc8 36. Nxf7 Qxc6 37. Rd8+ Kxf7 38. Rxh8 Rxh8 39. Kd3 Qxc7
40. Ke4 Rd8 41. f5 Rd5 42. fxe6+ Kxe6 43. Ke3 Qe5+ 44. Kf3 Qxg5 45. Ke4 Qg4+ 46.
Ke3 Rd4 47. Kf2 Qf4+ 48. Ke2 Qe5+ 49. Kf3 Rf4+ 50. Kg2 Qg5+ 51. Kh3 Rh4# 0-1

[Event "Challenge"]
[Site "http://www.queenalice.com/game.php?id=397420"]
[Date "2008.5.3"]
[Round "-"]
[White "ORNELAS"]
[Black "Lehlo"]
[Result "0-1"]
[WhiteElo "1389"]
[BlackElo "1100"]

1. e4 g6 2. d3 Nc6 3. b3 Bg7 4. c3 Nd4 5. Bb2 Nb5 6. d4 c6 7. a4 Nc7 8. e5 d5 9.
h3 Be6 10. Bc1 Nh6 11. Be3 Qd7 12. Qd2 Ng8 13. Nf3 f6 14. exf6 Bxf6 15. Be2 h5
16. Ng5 O-O-O 17. Nxe6 Nxe6 18. a5 Bh4 19. O-O Nh6 20. Bxh6 g5 21. Bg7 Nxg7 22.
a6 b5 23. Qa2 Qc7 24. b4 g4 25. g3 Bxg3 26. Kg2 Nf5 27. fxg3 Qxg3+ 28. Kh1 Qxh3+
29. Kg1 Qg3+ 30. Kh1 Rhf8 31. Bd3 Qh3+ 32. Kg1 Ng3 33. Qh2 Rxf1+ 34. Bxf1 Qxf1#
0-1

[Event "Challenge"]
[Site "http://www.queenalice.com/game.php?id=400393"]
[Date "2008.5.9"]
[Round "-"]
[White "AllanTadeu"]
[Black "Lehlo"]
[Result "1-0"]
[WhiteElo "1285"]
[BlackElo "1441"]

1. e4 d6 2. Qf3 g6 3. Bc4 Nh6 4. Na3 Bg4 5. Qf4 e5 6. Qe3 Na6 7. c3 Qd7 8. d4
exd4 9. Qxd4 Rg8 10. Qd5 c6 11. Qd4 O-O-O 12. Ne2 Re8 13. O-O Nc5 14. h3 Bh5 15.
Be3 Nxe4 16. f3 Nf5 17. Qd3 Neg3 18. Rfe1 Rxe3 19. Qd2 d5 20. Bd3 Qe7 21. Bxf5+
gxf5 22. Nxg3 Qg5 23. Nxh5 f4 24. Nc2 Rxf3 25. Kh2 Bc5 26. gxf3 Qxh5 27. Qxf4
Bd6 28. Qxd6 Qxf3 29. Ne3 Rg3 30. Qxg3 Qxg3+ 31. Kxg3 Kd8 32. Rf1 Ke7 33. Rae1
f6 34. Nf5+ Kf7 35. Re7+ Kg6 36. Kg4 h6 37. Rg7# 1-0

[Event "Challenge"]
[Site "http://www.queenalice.com/game.php?id=400407"]
[Date "2008.5.9"]
[Round "-"]
[White "Lehlo"]
[Black "mrparkerpawn"]
[Result "0-1"]
[WhiteElo "1458"]
[BlackElo "1671"]

1. Nf3 d5 2. Na3 e6 3. e3 Bxa3 4. bxa3 Nf6 5. Bb2 O-O 6. Bxf6 Qxf6 7. c4 dxc4 8.
d4 b5 9. Be2 Bb7 10. O-O Nd7 11. Rb1 a6 12. Qc1 Qg6 13. Ne5 Qxg2# 0-1

[Event "Let's Play Chess!"]
[Site "http://www.queenalice.com/game.php?id=401377"]
[Date "2008.5.11"]
[Round "-"]
[White "LancFred"]
[Black "Lehlo"]
[Result "0-1"]
[WhiteElo "1384"]
[BlackElo "1403"]

1. d4 g6 2. c3 d6 3. g3 Nf6 4. h4 Nbd7 5. Bh3 e6 6. Nf3 h6 7. a4 d5 8. b3 Ne4 9.
Ne5 Qf6 10. f4 b6 11. c4 Nxg3 12. Rg1 Qxh4 13. Bf1 Bb4+ 14. Bd2 Ne4+ 0-1

[Event "AUTO-OPEN-1129"]
[Site "http://www.queenalice.com/game.php?id=401743"]
[Date "2008.5.12"]
[Round "1"]
[White "Random314"]
[Black "Lehlo"]
[Result "0-1"]
[WhiteElo "1637"]
[BlackElo "1323"]

1. e4 Nf6 2. Nc3 d5 3. d3 c5 4. e5 Ng4 5. Nf3 e6 6. d4 cxd4 7. Nxd4 Nxe5 8. Bb5+
Ned7 9. Bf4 Bc5 10. a3 Qf6 11. Nde2 O-O 12. Bd3 Ne5 13. Bxe5 Qxf2+ 14. Kd2 Be3#
0-1

[Event "AUTO-OPEN-1129"]
[Site "http://www.queenalice.com/game.php?id=401744"]
[Date "2008.5.12"]
[Round "1"]
[White "Lehlo"]
[Black "Random314"]
[Result "0-1"]
[WhiteElo "1427"]
[BlackElo "1672"]

1. d4 Nf6 2. Nc3 g6 3. e4 d6 4. e5 dxe5 5. dxe5 Qxd1+ 6. Nxd1 Ne4 7. f4 Bf5 8.
b4 a5 9. c3 Bg7 10. h3 Nc6 11. g4 Be6 12. Bd3 Ng3 13. Rh2 O-O 14. Rg2 Nh1 15.
Ne3 Rad8 16. Bb5 Na7 17. Ba4 f6 18. Ne2 c6 19. Rh2 b5 20. Bc2 fxe5 21. Rxh1 exf4
22. Nf1 g5 23. Nd2 a4 24. Be4 Bf7 25. Nd4 Bd5 26. h4 e5 27. Nf5 Bf6 28. hxg5
Bxg5 29. Rh5 h6 30. Nxh6+ Bxh6 31. Rxh6 Bxe4 32. Nxe4 f3 33. Bg5 Rd3 34. Bf6
Re3+ 35. Kf2 Rxe4 36. g5 Nc8 37. g6 Rxf6 38. Rd1 Ne7 39. Rg1 Re2+ 40. Kf1 Rxa2
41. Rgh1 Nxg6 0-1

[Event "Partida Mayo #65"]
[Site "http://www.queenalice.com/game.php?id=407431"]
[Date "2008.5.24"]
[Round "-"]
[White "SRIVERO"]
[Black "Lehlo"]
[Result "1/2-1/2"]
[WhiteElo "1729"]
[BlackElo "1443"]

1. d4 g6 2. c4 e6 3. Nf3 Be7 4. Nc3 a6 5. Bf4 d6 6. e4 Nc6 7. Bd3 e5 8. dxe5
dxe5 9. Bxe5 Nf6 10. O-O Bg4 11. Be2 Bd6 12. Bxd6 Qxd6 13. Qxd6 cxd6 14. Nd5
Nxd5 15. cxd5 Ne5 16. Rfe1 O-O 17. Rac1 Rac8 18. Rxc8 Rxc8 19. Nxe5 Bxe2 20. f3
Bc4 21. Nxc4 Rxc4 22. Rb1 Rc2 23. a4 b5 24. axb5 axb5 25. b4 h5 26. h4 f6 27. g4
hxg4 28. fxg4 Rc4 29. Rf1 Kg7 30. g5 fxg5 31. hxg5 Rxe4 32. Rf6 Rxb4 33. Rxd6
Rg4+ 34. Kf2 Rxg5 35. Rd7+ Kh6 36. d6 Rd5 37. Rd8 b4 38. Rb8 Rd4 39. Rb6 Rd2+
40. Ke3 Rd1 41. Ke4 b3 42. Ke5 Rd3 43. Ke6 g5 44. Rb4 Kh5 45. d7 Rxd7 46. Kxd7
g4 47. Rxb3 Kh4 48. Ke6 g3 49. Rxg3 1/2-1/2